000 00585nam a2200229Ia 4500
005 20250326144351.0
008 250326s9999 xx 000 0 und d
020 _a1-4039-4298-6
037 _aTextbook
040 _aFMSL
_beng
_cFMSL
041 _aeng
_2eng
084 _aX:9.1 P6
_qFMSL
100 _aDickmann M
_9749358
245 0 _aInternational human resource management
_cDickmann M; Routledge
250 _aII
260 _c1996
300 _a203p
365 _b2182.6722
650 _aManagement
942 _cTB
_hX:9.1 P6
999 _c1303451
_d1303451